Main determinants of Slovak agriculture development in transformation

Podrobná bibliografia
Hlavný autor: Pauhofová, Iveta, 1960- (Autor)
Médium: Kniha
Jazyk:angličtina
Fyzický popis:38 s. grafy, tab. 30x21 cm
Vydavateľské údaje: Bratislava Institute for Forecasting, Slovak Academy of Sciences 1999
Edícia:Working Papers
Predmet:

MARC

LEADER 00000nam a2200000 a 4500
001 vtls001382181
003 SK-MaSNL
005 20260302000743.0
008 251113s1999 xo ap r y 0 eng
015 |a SNBE2001/03-01561 
035 |a SNK000336221 
040 |a SNK  |b slo  |c SNK  |e AACR2 
041 0 |a eng 
044 |a xo  |c SK 
080 |a 63:33(437.6)(047.1)  |2 1981 
080 |a 330.3:338.2  |2 1981 
100 1 |a Pauhofová, Iveta,  |d 1960-  |4 aut  |9 115675 
245 1 0 |a Main determinants of Slovak agriculture development in transformation  |c [author:] by Iveta Pauhofová 
260 |a Bratislava  |b Institute for Forecasting, Slovak Academy of Sciences  |c 1999 
300 |a 38 s.  |b grafy, tab.  |c 30x21 cm 
490 1 |a Working Papers  |v 4 
504 |a Res. slo 
650 0 7 |a poľnohospodárstvo  |x vývoj hospodársky  |x tranformácia  |z Slovensko  |x analýzy  |2 SNK  |9 635754 
650 0 7 |a tranformácia  |x poľnohospodárstvo  |x vývoj hospodársky  |z Slovensko  |x analýzy  |2 SNK  |9 635755 
650 0 7 |a vývoj hospodársky  |x poľnohospodárstvo  |x transformácia  |z Slovensko  |x analýzy  |2 SNK  |9 635756 
651 7 |a Slovensko  |x poľnohospodárstvo  |x analýzy  |2 SNK  |9 635757 
655 7 |a výročné správy  |2 SNK  |9 70580 
830 0 |a Working Papers  |9 337699 
958 |a TL 
999 |c 980949  |d 982879 
952 |t P60, <03>, [BOOK], {603}  |a SNK  |b SNK  |y PREZ  |7 0  |p 17A0226935  |o snkOSB 12414  |i snkKSP 1648/2000  |0 0  |1 0  |4 0  |d 2000-02-08  |l 0  |r 2005-01-02 00:00:00  |w 2026-02-24 
952 |t P60, <04>, [BOOK], {604}  |a SNK  |b SNK  |y VYP  |7 0  |p 17A0226936  |o snkOSB 12414 D1  |i snkKSP 1649/2000  |0 0  |1 0  |4 0  |d 2000-02-08  |l 0  |r 2005-01-02 00:00:00  |w 2026-02-24